000 01349nam a2200313 i 4500
001 168655
003 ES-MaACL
005 20230906213838.0
008 080429s2006 sp ab |||| | spa d
020 _a84-9781-268-9
080 _a355.49(460)"18"
080 _a355.49(410)"18"
080 _a355.49(44)"18"
080 _a355.49(73)"1775/83"
080 _a94(73)"1775/83"
100 1 _aAlsina Torrente, Juan.
_9137723
245 1 4 _aUna guerra romántica
_b: 1778-1783 : España, Francia e Inglaterra en el mar : (trasfondo naval de la independencia de Estados Unidos) /
_cJuan Alsina Torrente.
260 _aMadrid :
_bInstituto de Historia y Cultura Naval,
_c2006.
300 _a495 p. :
_bil col., mapas ;
_c24 cm.
504 _aBibliografía: p. [455]-460.
651 4 _aEspaña-
_xHistoria naval-
_yS.XVIII.
_98376
651 4 _aGran Bretaña-
_xHistoria naval-
_yS.XVIII.
_9137724
651 4 _aFrancia-
_xHistoria naval.
_9137725
651 4 _aEstados Unidos-
_xHistoria-
_y1775-1783, Revolución-
_xOperaciones navales.
_9137726
651 4 _aEstados Unidos-
_xHistoria-
_y1775-1783, Revolución-
_xParticipación española.
_9137727
651 4 _aEstados Unidos-
_xHistoria-
_y1775-1783, Revolución-
_xParticipación francesa.
_9137728
710 2 _aInstituto de Historia y Cultura Naval (Madrid)
_94957
852 _aES-MaACL
_jL-29402
999 _c168655
_d168655